| 000 | 00558nam a2200217Ia 4500 | ||
|---|---|---|---|
| 005 | 20250425160736.0 | ||
| 008 | 250425s9999 xx 000 0 und d | ||
| 020 | _a0132141078 | ||
| 041 | _aeng | ||
| 082 | _a621.3819582 | ||
| 100 | _aOPPENHEIM, ALAN V. | ||
| 245 | 0 | _aDIGITAL SIGNAL PROCESSING | |
| 250 | _a1ST ED. | ||
| 260 | _aLONDON | ||
| 260 |
_aReino Unido _bPrentice-Hall International _c1975 |
||
| 300 | _a585 | ||
| 650 | _aELECTRONICA DIGITAL | ||
| 650 | _aPROCESAMIENTO DE SEÑALES-TECNICAS DIGITALES | ||
| 942 | _c01 | ||
| 010 | _a4081 | ||
| 999 |
_c195252 _d195252 |
||